00486 2200193 4500001002100000008004100021035002000062245003000082100001200112260004900124300002000173020002200193084001400215082000800229650001000237990001500247990001500262990001500277INLIS000000000003197 ind  a0010-1225000018 aKado TerbaikcJ.S.Khairen aKhairen aJakarta :bPT Gramedia Widiasarana Indonesia a245c13,5x20 cm a978-602-0529-32-5 a813 LIY k a813 aFiksi a19626/B/26 a19627/B/26 a19628/B/26